Dakshina kannada jilleyalli varada santhegalu (Record no. 93259)
[ view plain ]
| 000 -LEADER | |
|---|---|
| fixed length control field | 00718nam a2200217Ia 4500 |
| 003 - CONTROL NUMBER IDENTIFIER | |
| control field | OSt |
| 005 - DATE AND TIME OF LATEST TRANSACTION | |
| control field | 20241109103034.0 |
| 008 - FIXED-LENGTH DATA ELEMENTS--GENERAL INFORMATION | |
| fixed length control field | 210210b1990 xxu||||| |||| 00| 0 eng d |
| 040 ## - CATALOGING SOURCE | |
| Transcribing agency | AL |
| 041 ## - LANGUAGE CODE | |
| Language code of text/sound track or separate title | Kannada |
| 082 ## - DEWEY DECIMAL CLASSIFICATION NUMBER | |
| Classification number | 381.18K VIGD |
| 100 ## - MAIN ENTRY--PERSONAL NAME | |
| Personal name | VIGNESHWARA (V) |
| Dates associated with a name | ವಿಘ್ನೇಶ್ವರ (ವಿ) |
| 9 (RLIN) | 182483 |
| 245 ## - TITLE STATEMENT | |
| Title | Dakshina kannada jilleyalli varada santhegalu |
| Remainder of title | ದಕ್ಷಿಣ ಕನ್ನಡ ಜಿಲ್ಲೆಯಲ್ಲಿ ವಾರದ ಸಂತೆಗಳು |
| 260 ## - PUBLICATION, DISTRIBUTION, ETC. | |
| Place of publication, distribution, etc. | Putturu |
| Name of publisher, distributor, etc. | Kannada Sangha, Vivekananda Kaleju., |
| Date of publication, distribution, etc. | 1990 |
| 300 ## - PHYSICAL DESCRIPTION | |
| Extent | 38 |
| 650 ## - SUBJECT ADDED ENTRY--TOPICAL TERM | |
| Topical term or geographic name entry element | Fairs |
| 9 (RLIN) | 182484 |
| 650 ## - SUBJECT ADDED ENTRY--TOPICAL TERM | |
| Topical term or geographic name entry element | South Kanara /South Canara |
| 9 (RLIN) | 184743 |
| 690 ## - LOCAL SUBJECT ADDED ENTRY--TOPICAL TERM (OCLC, RLIN) | |
| Topical term or geographic name as entry element | Trade |
| 9 (RLIN) | 182485 |
| 906 ## - LOCAL DATA ELEMENT F, LDF (RLIN) | |
| a | 043797 |
| 942 ## - ADDED ENTRY ELEMENTS (KOHA) | |
| Source of classification or shelving scheme | Dewey Decimal Classification |
| Koha item type | Book |
| Withdrawn status | Lost status | Source of classification or shelving scheme | Damaged status | Not for loan | Collection code | Home library | Current library | Date acquired | Cost, normal purchase price | Total Checkouts | Full call number | Barcode | Date last seen | Price effective from | Koha item type |
|---|---|---|---|---|---|---|---|---|---|---|---|---|---|---|---|
| Dewey Decimal Classification | Restricted Book | Economics | St Aloysius Library | St Aloysius Library | 02/17/2021 | 4.00 | 381.18K VIGD | 043797 | 02/17/2021 | 02/17/2021 | Book |